| 000 -LEADER |
| fixed length control field |
02379cam a2200481 a 4500 |
| 001 - CONTROL NUMBER |
| control field |
.b14976626 |
| 003 - CONTROL NUMBER IDENTIFIER |
| control field |
OCoLC |
| 005 - DATE AND TIME OF LATEST TRANSACTION |
| control field |
20190724090546.0 |
| 008 - FIXED-LENGTH DATA ELEMENTS--GENERAL INFORMATION |
| fixed length control field |
100115s2010 nyua j b 000 1 eng |
| 010 ## - LIBRARY OF CONGRESS CONTROL NUMBER |
| LC control number |
2009051634 |
| 020 ## - INTERNATIONAL STANDARD BOOK NUMBER |
| International Standard Book Number |
9781419702006 (pbk.) |
| 020 ## - INTERNATIONAL STANDARD BOOK NUMBER |
| International Standard Book Number |
1419702009 (pbk.) |
| 035 ## - SYSTEM CONTROL NUMBER |
| System control number |
(OCoLC)503005651 |
| Canceled/invalid control number |
(OCoLC)759471005 |
| -- |
(OCoLC)782043056 |
| 040 ## - CATALOGING SOURCE |
| Original cataloging agency |
DLC |
| Language of cataloging |
eng |
| Transcribing agency |
DLC |
| Modifying agency |
TWWZU |
| 041 0# - LANGUAGE CODE |
| Language code of text/sound track or separate title |
eng |
| 042 ## - AUTHENTICATION CODE |
| Authentication code |
nbic |
| 043 ## - GEOGRAPHIC AREA CODE |
| Geographic area code |
n-us--- |
| -- |
a-ja--- |
| 082 0# - DEWEY DECIMAL CLASSIFICATION NUMBER |
| Classification number |
FIC PRE |
| 100 1# - MAIN ENTRY--PERSONAL NAME |
| Personal name |
Preus, Margi. |
| Relator term |
author |
| 245 10 - TITLE STATEMENT |
| Title |
Heart of a samurai : |
| Remainder of title |
based on the true story of Nakahama Manjiro / |
| Statement of responsibility, etc. |
Margi Preus. |
| 260 ## - PUBLICATION, DISTRIBUTION, ETC. |
| Place of publication, distribution, etc. |
New York : |
| Name of publisher, distributor, etc. |
Amulet Books, |
| Date of publication, distribution, etc. |
2010. |
| 300 ## - PHYSICAL DESCRIPTION |
| Extent |
301 p. : |
| Other physical details |
ill. ; |
| Dimensions |
22 cm. |
| 500 ## - GENERAL NOTE |
| General note |
Newberry Honor Book |
| 504 ## - BIBLIOGRAPHY, ETC. NOTE |
| Bibliography, etc. note |
Includes bibliographical references (p. 297-301) |
| 520 ## - SUMMARY, ETC. |
| Summary, etc. |
In 1841, rescued by an American whaler after a terrible shipwreck leaves him and his four companions castaways on a remote island, fourteen-year-old Manjiro, who dreams of becoming a samurai, learns new laws and customs as he becomes the first Japanese person to set foot in the United States. |
| 586 ## - AWARDS NOTE |
| Awards note |
American Library Association Notable Children's Book 2011; Newbery Honor, 2011; Booklist Editor's Choice/Books for Youth 2010. |
| 586 ## - AWARDS NOTE |
| Awards note |
Notable Social Studies Trade Books for Young People, 2011. |
| 586 ## - AWARDS NOTE |
| Awards note |
Notable Book for a Global Society award winner, 2011. |
| 600 10 - SUBJECT ADDED ENTRY--PERSONAL NAME |
| Personal name |
Nakahama, Manjirō, |
| Dates associated with a name |
1827-1898 |
| Form subdivision |
Juvenile fiction. |
| 600 11 - SUBJECT ADDED ENTRY--PERSONAL NAME |
| Personal name |
Nakahama, Manjirō, |
| Dates associated with a name |
1827-1898 |
| Form subdivision |
Fiction. |
| 650 #1 - SUBJECT ADDED ENTRY--TOPICAL TERM |
| Topical term or geographic name entry element |
Japanese |
| Geographic subdivision |
United States |
| Form subdivision |
Fiction. |
| 651 #1 - SUBJECT ADDED ENTRY--GEOGRAPHIC NAME |
| Geographic name |
Japan |
| General subdivision |
Relations |
| Geographic subdivision |
United States |
| Form subdivision |
Fiction. |
| 651 #1 - SUBJECT ADDED ENTRY--GEOGRAPHIC NAME |
| Geographic name |
United States |
| General subdivision |
Relations |
| Geographic subdivision |
Japan |
| Form subdivision |
Fiction. |
| 655 #7 - INDEX TERM--GENRE/FORM |
| Genre/form data or focus term |
Adventure fiction |
| Form subdivision |
Juvenile. |
| Source of term |
local. |
| 655 #7 - INDEX TERM--GENRE/FORM |
| Genre/form data or focus term |
Dust jackets (Bindings) |
| Chronological subdivision |
2010. |
| Source of term |
rbbin. |
| 655 #4 - INDEX TERM--GENRE/FORM |
| Genre/form data or focus term |
Newbery Medal: Honor book |
| Chronological subdivision |
2011. |
| 740 0# - ADDED ENTRY--UNCONTROLLED RELATED/ANALYTICAL TITLE |
| Uncontrolled related/analytical title |
Based on the true story of Nakahama Manjiro. |
| 856 42 - ELECTRONIC LOCATION AND ACCESS |
| Materials specified |
Contributor biographical information |
| Uniform Resource Identifier |
<a href="http://catdir.loc.gov/catdir/enhancements/fy1105/2009051634-b.html">http://catdir.loc.gov/catdir/enhancements/fy1105/2009051634-b.html</a> |
| 856 42 - ELECTRONIC LOCATION AND ACCESS |
| Materials specified |
Publisher description |
| Uniform Resource Identifier |
<a href="http://catdir.loc.gov/catdir/enhancements/fy1105/2009051634-d.html">http://catdir.loc.gov/catdir/enhancements/fy1105/2009051634-d.html</a> |
| 856 42 - ELECTRONIC LOCATION AND ACCESS |
| Materials specified |
Contributor biographical information |
| Uniform Resource Identifier |
<a href="http://www.loc.gov/catdir/enhancements/fy1105/2009051634-b.html">http://www.loc.gov/catdir/enhancements/fy1105/2009051634-b.html</a> |
| 856 42 - ELECTRONIC LOCATION AND ACCESS |
| Materials specified |
Publisher description |
| Uniform Resource Identifier |
<a href="http://www.loc.gov/catdir/enhancements/fy1105/2009051634-d.html">http://www.loc.gov/catdir/enhancements/fy1105/2009051634-d.html</a> |
| 942 ## - ADDED ENTRY ELEMENTS (KOHA) |
| Source of classification or shelving scheme |
|
| Koha item type |
Books - Fiction |